Statistics for Random kpop songs

Click here to take the quiz!

General Stats

  • This quiz has been taken 153 times
  • The average score is 9 of 12

Answer Stats

HintAnswer% Correct
Love ShotEXO
99%
WANNABEItzy
94%
LO$ER = LOVERTXT
94%
Polaroid LoveEnhypen
89%
Ring Ding DongShinee
87%
Pied PiperBTS
83%
LilacI.U
81%
QueendomRed Velvet
81%
StayBlackpink
78%
BOCADreamcatcher
69%
DolphinOh My Girls
25%
Make it2PM
12%

Score Distribution

Percentile by Number Answered

Percent of People with Each Score

Your Score History

You have not taken this quiz